Länder mit T - Statistiken

Allgemein
  • Dieses Quiz wurde 114 mal gespielt
  • Das Durchschnittsergebnis liegt bei 9 aus 12
Antwortstatistiken
Land % Korrekt
Türkei
89%
Turkmenistan
84%
Tansania
77%
Tuvalu
77%
Togo
75%
Trinidad und Tobago
73%
Tunesien
72%
Thailand
71%
Tadschikistan
69%
Tonga
62%
Tschechien
59%
Tschad
47%
Keine übereinstimmenden Quizze gefunden
Verteilung der Resultate
Anzahl Personen mit jedem Resultat
Perzentil nach korrekt beantworteten Fragen
Ihre Resultats-Entwicklung
Sie haben dieses Quiz noch nicht gespielt